000 00254nam a2200097Ia 4500
008 230915s9999 xx 000 0 und d
050 _aKSK 2461 .K 35 2009
100 _aKaluma,Peter
245 0 _aJudicial Review Law Procedure and Practice
942 _cBK
999 _c166204
_d166204